| 000 | 00949nam a2200265 i 4500 | ||
|---|---|---|---|
| 001 | 47780 | ||
| 003 | ES-MaACL | ||
| 005 | 20250728183049.0 | ||
| 007 | t| | ||
| 008 | 150921s1984 sp b |||| |dspa d | ||
| 020 | _a84-276-0649-4 | ||
| 100 | 0 |
_aSnorri Sturluson. _9106967 |
|
| 245 | 1 | 0 |
_aSaga de Egil Skalla-Grimsson / _cSnorri Sturluson ; edición preparada por Enrique Bernárdez. |
| 260 |
_aMadrid : _bEditora Nacional, _c[1984] |
||
| 300 |
_a431 p. : _bmap. ; _c18 cm. |
||
| 490 | 1 |
_aBiblioteca de la literatura y el pensamiento universales ; _v56 |
|
| 504 | _aBibliografía: p. 87-91. | ||
| 600 | 1 | 4 |
_aSkallagrimsson, Egil. _9167939 |
| 650 | 4 |
_aSagas. _9159781 |
|
| 650 | 4 |
_aVikingos- _xHistoria. _917808 |
|
| 700 | 1 |
_aBernárdez, Enrique, _d1949- _9161110 |
|
| 830 | 0 |
_aBiblioteca de la literatura y el pensamiento universales ; _v56 _9182217 |
|
| 852 |
_aES-MaACL _jL-30154 _z.- Donat. Miguel A. Velasco |
||
| 999 |
_c47780 _d47780 |
||